| 000 | 01962nam0a2200313 4500 | ||
|---|---|---|---|
| 001 | RU\NLR\bibl\1081045 | ||
| 005 | 20250615050046.0 | ||
| 010 | _a5-246-00921-1 | ||
| 021 |
_aRU _b2007-20016 _91062 |
||
| 035 | _a(NLR Aleph) 001068230 | ||
| 090 |
_a982013 _c982013 |
||
| 100 | _a20060821d2007 |||y0rusy50 ca | ||
| 101 | 0 | _arus | |
| 102 | _aRU | ||
| 105 | _aa ||||||||| | ||
| 200 | 1 |
_aБизнес-Карта-2007. [Промышленность. Отрасль. Деловая Россия. Деловые справочники]. Т. 3 _iМука, крупа, крахмал, хлеб, хлебобулочные изделия, кондитерские изделия, пищеконцентраты, сахар, чай, кофе, макаронные изделия, корма, комбикорма, Россия и другие регионы СНГ _fАгентство деловой информ. [Бизнес-карта] |
|
| 210 |
_aМосква _cАгентство деловой информации "Бизнес-Карта" _d2007 |
||
| 215 |
_a494,[1] с. _cил. _d29 |
||
| 300 | _aЗагл. обл.: Деловая Россия | ||
| 300 | _aНа обл. в загл. тома: Мука, крупа, хлеб, кондитерские изделия, макароны, сахар, чай, кофе, комбикорма, СНГ СНГ | ||
| 320 | _aУказатели: алф. по видам продукции и услуг, алф. по видам сырья и материалов, использ. предприятиями, алф. предприятий по обл., краям, респ.: с. 21-84 | ||
| 512 | 1 | _aДеловая Россия | |
| 606 | 1 |
_aПищевая промышленность _jБизнес-карты _yСтраны СНГ _92188550 _3RU\NLR\auth\661315727 |
|
| 686 | _aУ30(2)67я2 | ||
| 801 | 0 |
_aRU _bNLR _c20060821 _grcr |
|
| 801 | 1 |
_aRU _bNLR _c20060821 |
|
| 942 | _cBOOK | ||
| 980 | _aNB | ||